Normal view MARC view
  • Texas Instruments Incorporated.

Entry Corporate Name

Number of records used in: 2

001 - CONTROL NUMBER

  • control field: 94932

003 - CONTROL NUMBER IDENTIFIER

  • control field: NUST

005 - DATE AND TIME OF LATEST TRANSACTION

  • control field: 20220725143340.0

008 - FIXED-LENGTH DATA ELEMENTS

  • fixed length control field: 220725|| aca||aabn | a|a d

040 ## - CATALOGING SOURCE

  • Original cataloging agency: NUST
  • Transcribing agency: NUST

110 ## - HEADING--CORPORATE NAME

  • Corporate name or jurisdiction name as entry element: Texas Instruments Incorporated.
  • Subordinate unit: Learning Center

670 ## - SOURCE DATA FOUND

  • Source citation: Work cat.: (NUST)176178: Walker, Roger S. 94928, Understanding computer science applications /, c1985.
© 2023 Central Library, National University of Sciences and Technology. All Rights Reserved.